[Event "Chigorin Memorial 25th"]
[Site "St Petersburg"]
[Date "2017.10.29"]
[Round "9"]
[White "Khochinsky, Andrey"]
[Black "Khodko, Yurii N"]
[Result "1/2-1/2"]
[WhiteElo "1803"]
[BlackElo "1583"]
[PlyCount "82"]
[EventDate "2017.10.21"]
[EventType "swiss"]
[EventRounds "9"]
[EventCountry "RUS"]
[SourceTitle "CBM 181 Extra"]
[Source "ChessBase"]
[SourceDate "2017.12.12"]
[SourceVersion "1"]
[SourceVersionDate "2017.12.12"]
[SourceQuality "1"]

1. d4 Nf6 2. c4 g6 3. Nc3 Bg7 4. e4 d6 5. f3 0-0 6. Be3 c6 7. Qd2 e5 8. d5 cxd5 9. cxd5 Ne8 10. Bd3 b6 11. Nge2 Ba6 12. 0-0 Bxd3 13. Qxd3 f5 14. Rac1 f4 15. Bf2 g5 16. Rc2 Nc7 17. a3 Nba6 18. b4 Qd7 19. Rfc1 Rac8 20. Na2 h5 21. Rc6 Nb8 22. R6c4 Nba6 23. Qc2 g4 24. Qd3 Rf6 25. R4c2 Rg6 26. Kh1 Bh6 27. Bg1 Kh7 28. Rc3 Rcg8 29. R3c2 gxf3 30. Qxf3 Rxg2 31. Qxh5 f3 32. Be3 R8g6 33. Ng3 Rxc2 34. Rxc2 Qg4 35. Qxg4 Rxg4 36. Bxh6 Kxh6 37. Kg1 Kg5 38. Kf2 Rf4 39. Rc3 Kg4 40. Rc6 Ne8 41. Nc3 Rf7 1/2-1/2

[Event "Chigorin Memorial 25th"]
[Site "St Petersburg"]
[Date "2017.10.28"]
[Round "8"]
[White "Timofeev, Vsevolod"]
[Black "Khochinsky, Andrey"]
[Result "1-0"]
[WhiteElo "1479"]
[BlackElo "1803"]
[PlyCount "75"]
[EventDate "2017.10.21"]
[EventType "swiss"]
[EventRounds "9"]
[EventCountry "RUS"]
[SourceTitle "CBM 181 Extra"]
[Source "ChessBase"]
[SourceDate "2017.12.12"]
[SourceVersion "1"]
[SourceVersionDate "2017.12.12"]
[SourceQuality "1"]

1. e4 c5 2. Nf3 d6 3. c3 Nf6 4. Be2 Nxe4 5. Qa4+ Nc6 6. Qxe4 g6 7. d4 Bf5 8. Qe3 cxd4 9. Nxd4 Bd7 10. Nb5 Bf5 11. Nd4 Bd7 12. Nd2 Bg7 13. N2f3 0-0 14. 0-0 a6 15. a4 e5 16. Nc2 Bf5 17. Qd2 Rc8 18. Ne3 Be4 19. Rd1 Na5 20. Ra3 Bh6 21. Qxd6 Qxd6 22. Rxd6 Bxf3 23. gxf3 Rfe8 24. b4 Nc6 25. Bb2 a5 26. b5 Bf8 27. Nc4 Nb8 28. Rb6 Bxa3 29. Bxa3 Rc7 30. Bd6 Rd7 31. Nxe5 Rdd8 32. Bc4 Nd7 33. Bxf7+ Kg7 34. Rxb7 Rxe5 35. Bxe5+ Nxe5 36. Bd5+ Kh6 37. c4 Nd3 38. Ra7 1-0

[Event "Chigorin Memorial 25th"]
[Site "St Petersburg"]
[Date "2017.10.24"]
[Round "4"]
[White "Ismagilov, Damir"]
[Black "Khochinsky, Andrey"]
[Result "1-0"]
[WhiteElo "2058"]
[BlackElo "1803"]
[PlyCount "151"]
[EventDate "2017.10.21"]
[EventType "swiss"]
[EventRounds "9"]
[EventCountry "RUS"]
[SourceTitle "CBM 181 Extra"]
[Source "ChessBase"]
[SourceDate "2017.12.12"]
[SourceVersion "1"]
[SourceVersionDate "2017.12.12"]
[SourceQuality "1"]

1. d4 Nf6 2. Nc3 d5 3. Bf4 c6 4. e3 Bf5 5. f3 e6 6. g4 Bg6 7. h4 h6 8. Bd3 Bxd3 9. Qxd3 Bd6 10. Nge2 Bxf4 11. Nxf4 Nbd7 12. 0-0-0 Nb6 13. g5 Nfd7 14. g6 Qe7 15. gxf7+ Qxf7 16. Rdg1 0-0-0 17. Qg6 Qxg6 18. Rxg6 e5 19. Ne6 Nf8 20. Nxd8 Nxg6 21. Ne6 exd4 22. exd4 Ne7 23. Nxg7 Rg8 24. Nh5 Nf5 25. Ne2 Rg2 26. Nhf4 Rf2 27. c3 Rxf3 28. h5 Nc4 29. Rg1 Nce3 30. Kd2 Nf1+ 31. Ke1 N1g3 32. Kd2 Nxe2 33. Nxe2 Rh3 34. Nf4 Rh4 35. Ne6 Rxh5 36. Rg8+ Kd7 37. Nc5+ Kc7 38. Rf8 Nd6 39. Ne6+ Kb6 40. Nc5 Ne4+ 41. Nxe4 dxe4 42. b4 Rh3 43. a4 a5 44. bxa5+ Kxa5 45. Rb8 Kb6 46. a5+ Ka7 47. Re8 e3+ 48. Ke2 h5 49. c4 h4 50. d5 cxd5 51. cxd5 Rg3 52. d6 Rg7 53. Kxe3 Rd7 54. Re6 Ka6 55. Kd4 Kxa5 56. Kd5 Kb6 57. Re7 Rd8 58. Rh7 Rg8 59. Ke6 h3 60. Rxh3 Rg6+ 61. Ke7 Rg7+ 62. Kf6 Rd7 63. Ke6 Rg7 64. d7 Rg6+ 65. Kf7 Rd6 66. Ke7 Rd4 67. Rb3+ Kc6 68. Rc3+ Kb5 69. Rc8 Ka4 70. d8Q Rxd8 71. Rxd8 b5 72. Kd6 Kb4 73. Rc8 Ka3 74. Kc5 b4 75. Ra8+ Kb3 76. Rb8 1-0

[Event "Chigorin Memorial 24th"]
[Site "St Petersburg"]
[Date "2016.10.20"]
[Round "6"]
[White "Khochinsky, Andrey"]
[Black "Maltsevskaya, Anna"]
[Result "1-0"]
[WhiteElo "1745"]
[BlackElo "1243"]
[PlyCount "107"]
[EventDate "2016.10.15"]
[EventType "swiss"]
[EventRounds "9"]
[EventCountry "RUS"]
[SourceTitle "CBM 175 Extra"]
[Source "ChessBase"]
[SourceDate "2016.12.12"]
[SourceVersion "1"]
[SourceVersionDate "2016.12.12"]
[SourceQuality "1"]

1. d4 d5 2. c4 e6 3. Nc3 c5 4. cxd5 exd5 5. Nf3 Nf6 6. Bg5 Be7 7. e3 c4 8. Be2 Nc6 9. 0-0 0-0 10. Ne5 Be6 11. f4 Bd6 12. b3 Bb4 13. Na4 Be7 14. f5 Bd7 15. bxc4 Ne4 16. Bxe7 Qxe7 17. Nxd7 Qxd7 18. Nc5 Qe7 19. cxd5 Nxc5 20. dxc5 Qxe3+ 21. Kh1 Nd4 22. Qd3 Qxe2 23. Qxd4 Qb5 24. f6 g5 25. d6 Rfd8 26. Qd5 h6 27. Rab1 Qa6 28. Qxb7 Qxb7 29. Rxb7 Rac8 30. Rb5 a6 31. Ra5 Rc6 32. g3 Kh7 33. Re1 Kg6 34. Re7 Kxf6 35. Ra7 Ke6 36. R7xa6 Rxa6 37. Rxa6 Rc8 38. Ra5 f5 39. a4 Kd7 40. Kg2 g4 41. Ra7+ Kc6 42. Rc7+ Rxc7 43. dxc7 Kxc7 44. Kf2 Kc6 45. Ke3 Kxc5 46. Kf4 Kb4 47. Kxf5 Kxa4 48. Kxg4 Kb5 49. Kh5 Kc6 50. Kxh6 Kd7 51. g4 Ke7 52. g5 Kf7 53. g6+ Ke8 54. g7 1-0

[Event "Chigorin Memorial 24th"]
[Site "St Petersburg"]
[Date "2016.10.15"]
[Round "1"]
[White "Lesovoi, Evgenij"]
[Black "Khochinsky, Andrey"]
[Result "1-0"]
[WhiteElo "2261"]
[BlackElo "1745"]
[PlyCount "77"]
[EventDate "2016.10.15"]
[EventType "swiss"]
[EventRounds "9"]
[EventCountry "RUS"]
[SourceTitle "CBM 175 Extra"]
[Source "ChessBase"]
[SourceDate "2016.12.12"]
[SourceVersion "1"]
[SourceVersionDate "2016.12.12"]
[SourceQuality "1"]

1. d4 Nf6 2. c4 e6 3. Nf3 b6 4. g3 Bb7 5. Bg2 c5 6. d5 exd5 7. Nh4 g6 8. Nc3 Bg7 9. Bg5 0-0 10. 0-0 h6 11. Bxf6 Bxf6 12. Nxg6 Re8 13. Nf4 Bxc3 14. bxc3 Nc6 15. Bxd5 Na5 16. e3 Bxd5 17. Nxd5 Re6 18. Qg4+ Rg6 19. Qe4 Nc6 20. Rad1 Qe8 21. Qxg6+ fxg6 22. Nf6+ Kf7 23. Nxe8 Kxe8 24. Rd6 Ne5 25. f4 Nxc4 26. Rxg6 Kf7 27. Rxh6 Kg7 28. Rh5 Re8 29. Re1 Nd2 30. Kg2 Ne4 31. Rd5 Re7 32. c4 Nc3 33. Rd2 Ne4 34. Rd3 d6 35. Kf3 Kf6 36. h4 Kg6 37. g4 Kh6 38. Red1 Kg6 39. Rxd6+ 1-0

[Event "Chigorin Memorial 23rd"]
[Site "St Petersburg"]
[Date "2015.10.08"]
[Round "6"]
[White "Rovnov, Vladislav"]
[Black "Khochinsky, Andrey"]
[Result "1-0"]
[WhiteElo "1895"]
[BlackElo "1680"]
[PlyCount "67"]
[EventDate "2015.10.03"]
[EventType "swiss"]
[EventRounds "9"]
[EventCountry "RUS"]
[SourceTitle "CBM 168 Extra"]
[Source "ChessBase"]
[SourceDate "2015.10.29"]
[SourceVersion "1"]
[SourceVersionDate "2015.10.29"]
[SourceQuality "1"]

1. d4 Nf6 2. g3 d5 3. Bg2 Bf5 4. Nf3 e6 5. 0-0 Nbd7 6. c4 c6 7. Nh4 Be7 8. Nc3 0-0 9. Nxf5 exf5 10. cxd5 cxd5 11. Nxd5 Nxd5 12. Bxd5 Qb6 13. e3 Nf6 14. Bf3 Ne4 15. Qd3 Qg6 16. b3 h5 17. Kh1 Rac8 18. Bb2 Rc7 19. Rac1 Rxc1 20. Bxc1 Rc8 21. Bb2 Bb4 22. Qe2 h4 23. Rc1 Rxc1+ 24. Bxc1 Qc6 25. Bb2 hxg3 26. hxg3 Bd6 27. Kg2 Qc7 28. Qc4 Qd7 29. Qd5 Ng5 30. Ba3 f4 31. Bxd6 Qh3+ 32. Kg1 fxe3 33. Qxg5 Qe6 34. Qe5 1-0

[Event "Chigorin Memorial 23rd"]
[Site "St Petersburg"]
[Date "2015.10.07"]
[Round "5"]
[White "Khochinsky, Andrey"]
[Black "Petrochenko, Maria"]
[Result "0-1"]
[WhiteElo "1680"]
[BlackElo "1947"]
[PlyCount "100"]
[EventDate "2015.10.03"]
[EventType "swiss"]
[EventRounds "9"]
[EventCountry "RUS"]
[SourceTitle "CBM 168 Extra"]
[Source "ChessBase"]
[SourceDate "2015.10.29"]
[SourceVersion "1"]
[SourceVersionDate "2015.10.29"]
[SourceQuality "1"]

1. d4 d5 2. c4 c6 3. Nf3 Nf6 4. Nc3 dxc4 5. e4 b5 6. e5 Nd5 7. a4 Nxc3 8. bxc3 e6 9. axb5 cxb5 10. Ng5 Bb7 11. Qh5 g6 12. Qg4 Be7 13. Be2 Nd7 14. 0-0 Nb6 15. h4 h6 16. Nxe6 fxe6 17. Qxe6 Be4 18. f3 Bf5 19. Qc6+ Qd7 20. Qxd7+ Bxd7 21. f4 Bc6 22. h5 g5 23. f5 Kf7 24. f6 Bf8 25. Bg4 Bd5 26. Bf5 Rg8 27. Bd2 a5 28. Rae1 Re8 29. Bg6+ Rxg6 30. hxg6+ Kxg6 31. f7 Re6 32. Rf2 Nd7 33. Rb1 Rb6 34. Ra1 a4 35. Bc1 Bxf7 36. Ba3 b4 37. Bxb4 Bxb4 38. cxb4 Rxb4 39. Re1 Rb6 40. Ra2 Ra6 41. Rea1 Nb6 42. Re2 Nd5 43. Rea2 c3 44. Rxa4 Rxa4 45. Rxa4 c2 46. Ra6+ Kf5 47. Rc6 Nb4 48. Rc7 Bd5 49. Kf1 Bc6 50. Rf7+ Ke4 0-1